000 00868nmm a2200265 a 4500
001 ocm0001350011
003 TR-IsHL
005 20201028161054.0
008 161016s2011 tu tur
007 cr cn
020 _a9789752699274
035 _a1350011
_b(N$T)
050 0 4 _aBP134.P74
_bK37
090 0 4 _aBP134.P74
_bK37
100 1 _aKaraman, Hayreddin
245 1 0 _aKur'an'daki peygamber (a.s.m)
_h[electronic resource] /
_cHayreddin Karaman
260 _aİstanbul :
_bNesil Yayınları,
_c2011
300 _a159 p.
650 4 _aFelsefe, Psikoloji ve Din
650 4 _aPhilosophy, Psychology and Religion
650 0 _aKuran
_xPeygamberler
650 0 _aQuran
_xProphets
650 7 _aRELIGION / Islam / Koran & Sacred Writings
_2bisacsh
856 4 0 _uhttp://search.ebscohost.com/login.aspx?direct=true&scope=site&db=e011xww&AN=1350011
999 _c13930
_d13930